000 00852nam a2200217Ia 4500
001 8387
003 GE_BSU
008 181216s||||||||xx |||||||||||||| ||und||
040 _cGE_BSU
080 _a821.353.1-31
100 _aერისთავ–ხოშტარია,ანასტასია
245 _aთხზულებანი. ტ.1 მოლიპულ გზაზე
245 _cწინასიტყვ.ავტ.შ. სარედ. კოლეგ. გ.ლეონიძე.შ.აფხაიძე. გ.შატბერაშვილი.
260 _aთბილისი
260 _bსახელგამი
260 _c1952
300 _a400გვ.1ფ.პორტრ..21სმ.
653 _aთხზულებანი.
653 _aმოლიპულ გზაზე
942 _cBK
999 _c41710
_d41710